| 000 | 00539 a2200133 4500 | ||
|---|---|---|---|
| 082 | _aMIT-5 | ||
| 100 |
_a M. Asif Raza _9100348 |
||
| 245 |
_aHybrid Control Architecture and just enough time Domain level signaling for optical burst switched networks _cM. Asif Raza |
||
| 260 |
_aIsalamabad, _bNUST School of Electrical Engineering & Computer Science, _c2006 |
||
| 300 |
_axiii, 10 p. : _bill. ; _c27 cm. |
||
| 500 | _aSupervisor : Dr. Arshad Ali. | ||
| 856 | _uhttp://10.250.8.41:8080/xmlui/handle/123456789/30529 | ||
| 942 |
_cPR _kMIT-5 ASI _2ddc |
||
| 999 |
_c9215 _d9215 |
||